Guess the Main Characters- Shameless (US) - Statistics

General Stats
  • This quiz has been taken 147 times
  • The average score is 6 of 11
Answer Stats
Character Actor % Correct
Fiona Gallagher Emmy Rossum
85%
Philip "Lip" Gallagher Jeremy Allen White
83%
Frank Gallagher William H. Macy
70%
Mickey Milkovich Noel Fisher
68%
Ian Gallagher Cameron Monaghan
65%
Debbie Gallagher Emma Kenney
51%
Carl Gallagher Ethan Cutkosky
44%
Kevin "Kev" Ball Steve Howey
44%
Veronica Fisher Shanola Hampton
38%
Mandy Milkovich Emma Greenwell
22%
Liam Gallagher Christian Isaiah
14%
No matching quizzes found
Score Distribution
Percent of People with Each Score
Percentile by Number Answered
Your Score History
You have not taken this quiz